| 000 | 00594nam a2200181 u 4500 | ||
|---|---|---|---|
| 999 |
_c7944 _d7944 |
||
| 001 | 991061186676506706 | ||
| 003 | OSt | ||
| 005 | 20240930124228.0 | ||
| 008 | s2021 xx r 000 0 cat d | ||
| 020 | _a9788410161177 | ||
| 040 |
_aCDMR _bcat _cCDMR |
||
| 100 |
_aSalicrú-Maltas, Maria _94976 |
||
| 245 |
_aAquesta cançó, no! _b: [cara a cara amb els censors de la Nova Cançó] _c/ Maria Salicrú-Maltas ; pròleg de Plàcid Garcia-Planas |
||
| 260 |
_aBarcelona : _bComanegra, _c2024 |
||
| 300 | _a318 pàgines | ||
| 650 | 0 |
_92723 _aCensura _zCatalunya _y1958-1978 |
|
| 942 |
_2udc _cMON |
||